000 00368 a2200157 4500
001 154162
040 _cEscola São Tomás de Aquino
100 _aGATTAI, Zélia
240 1 0 _aAnarquistas, graças a Deus
_lpor
245 1 0 _aAnarquistas, graças a Deus
300 _a425
362 0 _a2003
440 1 _aRecord
697 _aLITERATURA BRASILEIRA
942 _cBK
999 _c154162
_d154162